000 00317nam a2200109Ia 4500
008 200302s9999 xx 000 0 und d
100 _aLa Biennale
245 _aWorkbook : The Offical Catalof For Workshopping : An American Model of Architectural Practice
260 _b306090, Inc
260 _c2010
300 _a127 P.,
999 _c4981
_d4981